000 00583nam a22001457a 4500
999 _c533517
_d533517
008 260529b ||||| |||| 00| 0 eng d
100 _aSaghar, Amol
_960921
245 _a Perspectives to the study of non elite histories of South Asia
260 _aThe Book Review
300 _a49(4), Apr, 2025: p.27-30
520 _aForms of the lift in postcolonial South Asia: aesthetics, networks and connected histories by Sanjukta Sunderason and Lotte Hoek, Bloomsbury, 2022, 300pp, Rs.999.00.- Reproduced
773 _aThe Book Review
906 _aBOOK REVIEW
942 _cAR